Easter lilies. (Record no. 7589)

000 -LEADER
fixed length control field 00586nam a2200181 a 4500
001 - CONTROL NUMBER
control field :::00005350$&:&@@
003 - CONTROL NUMBER IDENTIFIER
control field OkBaRHE
005 - DATE AND TIME OF LATEST TRANSACTION
control field 20110427121732.0
008 - FIXED-LENGTH DATA ELEMENTS--GENERAL INFORMATION
fixed length control field s1940 j 000 0 eng u
040 ## - CATALOGING SOURCE
Transcribing agency
100 1# - MAIN ENTRY--PERSONAL NAME
Personal name Gwynne, John Harold, 1899-
245 10 - TITLE STATEMENT
Title Easter lilies.
260 ## - PUBLICATION, DISTRIBUTION, ETC. (IMPRINT)
Place of publication, distribution, etc Grand Rapids, MI., :
Name of publisher, distributor, etc Wm. B. Eerdmans Publishing Co.
Date of publication, distribution, etc c1940
300 ## - PHYSICAL DESCRIPTION
Extent 142 p. ;
Dimensions 19 cm.
650 ## - SUBJECT ADDED ENTRY--TOPICAL TERM
Topical term or geographic name as entry element Jesus Christ
General subdivision Resurrection
942 ## - ADDED ENTRY ELEMENTS (KOHA)
Source of classification or shelving scheme
Koha item type Books
Copies
Date last seen Damaged status Barcode Lost status Full call number Copy number Current Location Permanent Location Withdrawn status Source of classification or shelving scheme Not for loan Koha item type Price effective from Shelving location Date acquired
2011-04-27 5350 BT 481 .G8491RHEMA Bible Training CollegeRHEMA Bible Training College   Books2010-04-14General Stacks2010-04-14